महाभारत / (Record no. 207182)

MARC details
000 -LEADER
fixed length control field 00964nam a22001937a 4500
005 - DATE AND TIME OF LATEST TRANSACTION
control field 20241128162912.0
010 ## - LCCN (DPL NO)
LC control number B-761334
020 ## - INTERNATIONAL STANDARD BOOK NUMBER
International Standard Book Number 9789392998256
Terms of availability 495.00
035 ## - SYSTEM CONTROL NUMBER
System control number B-761334
037 ## - SOURCE OF ACQUISITION
Source of stock number/acquisition उपहार
082 ## - DEWEY DECIMAL CLASSIFICATION NUMBER
Classification number 230.2
100 ## - MAIN ENTRY--PERSONAL NAME
Personal name त्रिपाठी, सूर्यकान्त निराला
245 ## - TITLE STATEMENT
Title महाभारत /
Statement of responsibility, etc सूर्यकान्त त्रिपाठी निराला
260 ## - PUBLICATION, DISTRIBUTION, ETC. (IMPRINT)
Place of publication, distribution, etc दिल्ली
Name of publisher, distributor, etc नयी किताब प्रकाशन
Date of publication, distribution, etc 2023
270 ## - ADDRESS
Address 1/11829,ग्राउंड फ्लोर, पंचशील गार्डन, नवीन शाहदरा,
City दिल्ली
Postal code 110032
300 ## - PHYSICAL DESCRIPTION
Extent 152पृ.
Dimensions 24 सेमी(सजिल्द)
942 ## - ADDED ENTRY ELEMENTS (KOHA)
Source of classification or shelving scheme Dewey Decimal Classification
Item type Children Books
Call number suffix त्रिपाठी
Classification part 230.2
Holdings
Withdrawn status Lost status Not for loan Collection code Home library Current library Date acquired Source of acquisition Cost, normal purchase price Full call number Barcode Copy number Cost, replacement price Koha item type Public note
      Non-fiction Central Library Central Library 28/11/2024 उपहार/28/11/2024 495.00 त्रिपाठी 230.2 B-761334 1 495.00 Children Books उपहार

© Delhi Public Library
Hit Counter
free hit counter